[Event "Madrid ch Superveteranos 2021-2022"]
[Site "Madrid ESP"]
[Date "2022.04.21"]
[Round "4.14"]
[White "Calderon Martin, Antonio"]
[Black "Lopez Manso, Jeronimo"]
[Result "1-0"]
[WhiteElo "1598"]
[BlackElo "1397"]
[PlyCount "85"]
[EventDate "2022.04.18"]
[EventType "swiss"]
[EventRounds "7"]
[EventCountry "ESP"]
[SourceTitle "Ajedrez en Madrid"]
[Source "lmi"]
[SourceDate "2022.04.18"]
[SourceVersion "1"]
[SourceVersionDate "2022.04.28"]
[SourceQuality "1"]

1. e4 Nf6 2. e5 Nd5 3. d4 d6 4. c4 Nb6 5. exd6 exd6 6. Nc3 Be7 7. Bd3 Nc6 8.
Nf3 Bg4 9. Be3 O-O 10. O-O Kh8 11. a3 f5 12. Be2 Bxf3 13. Bxf3 f4 14. Bc1 Nxc4
15. Qb3 N6a5 16. Qa4 c6 17. Qd1 Nb6 18. b4 Nac4 19. d5 Rc8 20. Ne2 g5 21. Nd4
Qe8 22. Bg4 cxd5 23. Bxc8 Qxc8 24. Re1 Bf6 25. Nf3 Bxa1 26. Nxg5 Qf5 27. Nf3
Bg7 28. Nd4 Qg6 29. Ne6 Re8 30. Nxg7 Rxe1+ 31. Qxe1 Kxg7 32. Bxf4 Qe4 33. Qc1
d4 34. Bh6+ Kf7 35. g3 d5 36. Qg5 Qg6 37. Qf4+ Qf6 38. Qc7+ Kg6 39. Bf4 d3 40.
h4 d2 41. h5+ Kxh5 42. Qxh7+ Kg4 43. Kg2 1-0

[Event "Madrid ch Superveteranos 2021-2022"]
[Site "Madrid ESP"]
[Date "2022.04.21"]
[Round "4.15"]
[White "Garcia Marin, Blas"]
[Black "Martinez Miura, Enrique"]
[Result "0-1"]
[WhiteElo "1347"]
[BlackElo "1582"]
[PlyCount "68"]
[EventDate "2022.04.18"]
[EventType "swiss"]
[EventRounds "7"]
[EventCountry "ESP"]
[SourceTitle "Ajedrez en Madrid"]
[Source "lmi"]
[SourceDate "2022.04.18"]
[SourceVersion "1"]
[SourceVersionDate "2022.04.28"]
[SourceQuality "1"]

1. e4 e6 2. d4 d5 3. e5 c5 4. c3 cxd4 5. cxd4 Nc6 6. Nf3 Bd7 7. Nc3 a6 8. Be2
Nge7 9. Be3 Nf5 10. Bg5 Be7 11. Bxe7 Qxe7 12. a3 O-O 13. Bd3 Nfxd4 14. Nxd4
Nxd4 15. Bxh7+ Kxh7 16. Qxd4 Rac8 17. O-O Rc4 18. Qd2 g6 19. g3 Kg7 20. h4 Rh8
21. f4 Bc6 22. b3 Qc5+ 23. Rf2 Rxc3 24. Kh2 Rxb3 25. Rc1 Qxa3 26. Rg1 Rd3 27.
Qe1 d4 28. Rd2 Rxd2+ 29. Qxd2 Rd8 30. h5 Qc3 31. Qf2 Qe3 32. Qf1 Qf3 33. h6+
Kh7 34. Qe1 Qh5# 0-1

[Event "Madrid ch Superveteranos 2021-2022"]
[Site "Madrid ESP"]
[Date "2022.04.21"]
[Round "4.16"]
[White "Plaza Plaza, Prudencio"]
[Black "Ramos Antona, Enrique"]
[Result "1/2-1/2"]
[WhiteElo "1245"]
[BlackElo "1540"]
[PlyCount "91"]
[EventDate "2022.04.18"]
[EventType "swiss"]
[EventRounds "7"]
[EventCountry "ESP"]
[SourceTitle "Ajedrez en Madrid"]
[Source "lmi"]
[SourceDate "2022.04.18"]
[SourceVersion "1"]
[SourceVersionDate "2022.04.28"]
[SourceQuality "1"]

1. d4 d5 2. Nf3 Nf6 3. e3 e6 4. Bd3 c5 5. c3 Be7 6. Nbd2 Nc6 7. O-O O-O 8. Qe2
h6 9. e4 dxe4 10. Nxe4 cxd4 11. Nxf6+ Bxf6 12. Qe4 g6 13. Bxh6 Bg7 14. Bxg7
Kxg7 15. Nxd4 Nxd4 16. Qxd4+ Qxd4 17. cxd4 Rd8 18. Rac1 Rxd4 19. Rfd1 Bd7 20.
Bxg6 Rxd1+ 21. Rxd1 Ba4 22. b3 Kxg6 23. bxa4 Rc8 24. g3 Rc4 25. Rd7 Rxa4 26.
Rxb7 Rxa2 27. h4 f5 28. Kg2 e5 29. Rb5 e4 30. h5+ Kf6 31. h6 Kg6 32. Rxf5 e3
33. Rf3 exf2 34. Rxf2 Ra5 35. h7 Kxh7 36. Rf7+ Kg6 37. Rf4 Ra3 38. Kh3 a5 39.
Kh4 Ra1 40. Kg4 a4 41. Rb4 Ra2 42. Rb6+ Kf7 43. Kg5 Re2 44. Rf6+ Kg7 45. Ra6
Re4 46. Ra7+ 1/2-1/2

[Event "Madrid ch Superveteranos 2021-2022"]
[Site "Madrid ESP"]
[Date "2022.04.21"]
[Round "4.17"]
[White "Conchillo Roman, Jose Ignacio"]
[Black "Siddiqie, Kausar Iqbal"]
[Result "1/2-1/2"]
[WhiteElo "1490"]
[BlackElo "1309"]
[PlyCount "57"]
[EventDate "2022.04.18"]
[EventType "swiss"]
[EventRounds "7"]
[EventCountry "ESP"]
[SourceTitle "Ajedrez en Madrid"]
[Source "lmi"]
[SourceDate "2022.04.18"]
[SourceVersion "1"]
[SourceVersionDate "2022.04.28"]
[SourceQuality "1"]

1. e4 e5 2. Nf3 Nc6 3. Bb5 Bc5 4. O-O Nf6 5. c3 a6 6. Ba4 Nxe4 7. Qe2 b5 8. d4
d5 9. dxc5 bxa4 10. c4 a5 11. Rd1 Ba6 12. b3 O-O 13. Qe3 Nb4 14. Bb2 Nc2 15.
Qc1 Nxa1 16. Rxd5 Nxb3 17. axb3 Qc8 18. bxa4 Rb8 19. Na3 Bb7 20. Rxe5 f6 21.
Rh5 Qe8 22. Rh4 Nxc5 23. Nb5 Nd3 24. Qc2 Nxb2 25. Qxh7+ Kf7 26. Qh5+ Ke7 27.
Qc5+ Kf7 28. Qh5+ Ke7 29. Qc5+ 1/2-1/2

[Event "Madrid ch Superveteranos 2021-2022"]
[Site "Madrid ESP"]
[Date "2022.04.21"]
[Round "4.18"]
[White "Hortelano Hap, Ramon"]
[Black "De Juan Rivas, Antonio"]
[Result "1-0"]
[WhiteElo "1650"]
[BlackElo "1420"]
[PlyCount "85"]
[EventDate "2022.04.18"]
[EventType "swiss"]
[EventRounds "7"]
[EventCountry "ESP"]
[SourceTitle "Ajedrez en Madrid"]
[Source "lmi"]
[SourceDate "2022.04.18"]
[SourceVersion "1"]
[SourceVersionDate "2022.04.28"]
[SourceQuality "1"]

1. f4 e5 2. fxe5 d6 3. Nf3 Bg4 4. exd6 Bxd6 5. e3 Nc6 6. Bb5 Nf6 7. O-O O-O 8.
Bxc6 bxc6 9. d3 Bh5 10. Qe1 Nd5 11. e4 Re8 12. Qf2 Nf4 13. Be3 Ne6 14. Nbd2 c5
15. e5 Be7 16. Ne4 Bxf3 17. Qxf3 Rf8 18. Qg3 f5 19. exf6 Bxf6 20. Nxc5 Nxc5 21.
Bxc5 Bd4+ 22. Bxd4 Qxd4+ 23. Kh1 Qxb2 24. Qxc7 Rac8 25. Rxf8+ Rxf8 26. Qc4+ Kh8
27. Re1 Qf6 28. h3 h6 29. d4 Qf2 30. Rd1 Qg3 31. Rf1 Rxf1+ 32. Qxf1 Qc3 33.
Qf8+ Kh7 34. Qf5+ Kh8 35. Qd3 Qa1+ 36. Kh2 Qxa2 37. d5 Qa5 38. d6 Qe5+ 39. g3
Qe1 40. Kg2 Qe8 41. d7 Qd8 42. Qd5 a5 43. Qc6 1-0

[Event "Madrid ch Superveteranos 2021-2022"]
[Site "Madrid ESP"]
[Date "2022.04.25"]
[Round "5.1"]
[White "De Paz Nistal, Santiago"]
[Black "Barez Menendez, Hector"]
[Result "1/2-1/2"]
[WhiteElo "1874"]
[BlackElo "2058"]
[PlyCount "50"]
[EventDate "2022.04.18"]
[EventType "swiss"]
[EventRounds "7"]
[EventCountry "ESP"]
[SourceTitle "Ajedrez en Madrid"]
[Source "lmi"]
[SourceDate "2022.04.18"]
[SourceVersion "1"]
[SourceVersionDate "2022.04.28"]
[SourceQuality "1"]

1. e4 e5 2. Nf3 Nf6 3. Nxe5 d6 4. Nf3 Nxe4 5. d4 d5 6. Bd3 Nc6 7. O-O Be7 8.
Re1 Bg4 9. c3 f5 10. Nbd2 Qd6 11. Qc2 O-O 12. Be2 Bf6 13. Nf1 Rae8 14. Bd2 Ne7
15. Rad1 Ng6 16. Bc1 Kh8 17. Ne3 Nf4 18. Nxg4 fxg4 19. Ne5 Bxe5 20. dxe5 Rxe5
21. Bxg4 Nxf2 22. Qxf2 Nh3+ 23. Bxh3 Rxf2 24. Kxf2 Qb6+ 25. Rd4 Rxe1 1/2-1/2

[Event "Madrid ch Superveteranos 2021-2022"]
[Site "Madrid ESP"]
[Date "2022.04.25"]
[Round "5.2"]
[White "Camarero Izquierdo, Juan Carlos"]
[Black "Ortiz Landeira, Jose Antonio"]
[Result "1/2-1/2"]
[WhiteElo "1829"]
[BlackElo "1783"]
[PlyCount "149"]
[EventDate "2022.04.18"]
[EventType "swiss"]
[EventRounds "7"]
[EventCountry "ESP"]
[SourceTitle "Ajedrez en Madrid"]
[Source "lmi"]
[SourceDate "2022.04.18"]
[SourceVersion "1"]
[SourceVersionDate "2022.04.28"]
[SourceQuality "1"]

1. d4 d5 2. e3 b6 3. Bd3 Ba6 4. f4 Bxd3 5. Qxd3 Nd7 6. Nf3 e6 7. Nbd2 c5 8. c3
g6 9. O-O f5 10. Ne5 Ngf6 11. Rf3 Nxe5 12. fxe5 Ne4 13. Rh3 c4 14. Qe2 Nxd2 15.
Bxd2 h5 16. Rf1 Bg7 17. Rg3 Kf7 18. e4 dxe4 19. Qxe4 Qd5 20. Qe2 Bh6 21. Bxh6
Rxh6 22. Qe3 Kg7 23. Rg5 Rg8 24. Rf3 Rh7 25. Rgg3 Kf7 26. b3 b5 27. h4 Rhg7 28.
Qc1 Rc8 29. b4 a6 30. Rg5 Ke7 31. Rfg3 Rcg8 32. Qa3 Qc6 33. Qa5 Kf7 34. Qa3 Ra8
35. Qc1 Qd5 36. Qb1 Rag8 37. a4 Kf8 38. Rf3 Rd7 39. Rf1 Qe4 40. Qe1 Qxe1 41.
Rxe1 Kf7 42. axb5 axb5 43. Ra1 Rb8 44. Rg3 Rbb7 45. Re3 Ra7 46. Ree1 g5 47.
hxg5 Kg6 48. Red1 Kxg5 49. Rxa7 Rxa7 50. d5 exd5 51. Rxd5 Ra1+ 52. Kf2 Rc1 53.
Rxb5 Rxc3 54. Rc5 f4 55. b5 Rb3 56. Ke2 h4 57. Kf2 Kf5 58. Kf1 Rb2 59. Rxc4
Rxb5 60. e6 Re5 61. Kf2 Rxe6 62. Rc5+ Re5 63. Rc8 Ra5 64. Rf8+ Kg4 65. Rg8+ Rg5
66. Rf8 Rg6 67. Rf7 Rg8 68. Rf6 Ra8 69. Rg6+ Kf5 70. Rg7 Ra2+ 71. Kf1 Ra3 72.
Rf7+ Ke5 73. Rh7 h3 74. Rxh3 Rxh3 75. gxh3 1/2-1/2

[Event "Madrid ch Superveteranos 2021-2022"]
[Site "Madrid ESP"]
[Date "2022.04.25"]
[Round "5.3"]
[White "Pastor Alonso De Prado, Alberto"]
[Black "Perez Pascual, Arturo"]
[Result "1-0"]
[WhiteElo "2088"]
[BlackElo "1686"]
[PlyCount "47"]
[EventDate "2022.04.18"]
[EventType "swiss"]
[EventRounds "7"]
[EventCountry "ESP"]
[SourceTitle "Ajedrez en Madrid"]
[Source "lmi"]
[SourceDate "2022.04.18"]
[SourceVersion "1"]
[SourceVersionDate "2022.04.28"]
[SourceQuality "1"]

1. Nf3 d5 2. g3 c6 3. Bg2 Nf6 4. O-O Bf5 5. b3 h6 6. Bb2 Nbd7 7. d3 Qc7 8. c4
e6 9. Nc3 Bd6 10. Rc1 Qb8 11. cxd5 exd5 12. e4 dxe4 13. dxe4 Bg4 14. Qc2 O-O
15. Nd4 Re8 16. f3 Bc5 17. Nce2 Bh5 18. Nf4 Qe5 19. Qc3 Rad8 20. Kh1 Qg5 21.
Nf5 Nd5 22. exd5 Bf8 23. Nxh5 Qxf5 24. Nxg7 1-0

[Event "Madrid ch Superveteranos 2021-2022"]
[Site "Madrid ESP"]
[Date "2022.04.25"]
[Round "5.4"]
[White "Infante Martin, Alonso"]
[Black "Barahona Torrijos, Angel"]
[Result "0-1"]
[WhiteElo "1400"]
[BlackElo "1765"]
[PlyCount "78"]
[EventDate "2022.04.18"]
[EventType "swiss"]
[EventRounds "7"]
[EventCountry "ESP"]
[SourceTitle "Ajedrez en Madrid"]
[Source "lmi"]
[SourceDate "2022.04.18"]
[SourceVersion "1"]
[SourceVersionDate "2022.04.28"]
[SourceQuality "1"]

1. d4 Nf6 2. Nf3 c5 3. c3 cxd4 4. Nxd4 e5 5. Nf3 Nc6 6. Nbd2 e4 7. Ng1 e3 8.
fxe3 Bc5 9. Nb3 Bb6 10. Qc2 d5 11. Nf3 Ne4 12. Nbd4 Bg4 13. h3 Bxf3 14. Nxf3
Bc7 15. Bd2 Bg3+ 16. Kd1 Nf2+ 17. Kc1 Nxh1 18. Qf5 g6 19. Qd3 Nf2 20. Qc2 Ne4
21. b3 Bd6 22. Kb2 Rc8 23. g4 O-O 24. Bg2 Qa5 25. a3 Ne5 26. Nxe5 Bxe5 27. Bxe4
dxe4 28. b4 Qd5 29. Rd1 Rfd8 30. Kc1 Rxc3 31. Bxc3 Qxd1+ 32. Qxd1 Rxd1+ 33.
Kxd1 Bxc3 34. Kc2 Be5 35. Kb3 b5 36. a4 a6 37. axb5 axb5 38. Kc2 f6 39. Kd2 h5
0-1

[Event "Madrid ch Superveteranos 2021-2022"]
[Site "Madrid ESP"]
[Date "2022.04.25"]
[Round "5.5"]
[White "Cabañas Bravo, Juan Andres"]
[Black "Becerra Baigorri, Jose"]
[Result "1-0"]
[WhiteElo "1891"]
[BlackElo "1545"]
[PlyCount "55"]
[EventDate "2022.04.18"]
[EventType "swiss"]
[EventRounds "7"]
[EventCountry "ESP"]
[SourceTitle "Ajedrez en Madrid"]
[Source "lmi"]
[SourceDate "2022.04.18"]
[SourceVersion "1"]
[SourceVersionDate "2022.04.28"]
[SourceQuality "1"]

1. e4 e5 2. c3 Bc5 3. d4 exd4 4. cxd4 Bb4+ 5. Nc3 d6 6. Bc4 Nc6 7. Nge2 Nf6 8.
O-O Bxc3 9. Nxc3 O-O 10. Bg5 h6 11. Bh4 g5 12. Bg3 Bg4 13. Qd2 Bh5 14. h4 Nh7
15. hxg5 Qxg5 16. Bf4 Qg6 17. f3 Ng5 18. Kh1 Qg7 19. Rad1 Qh7 20. Nd5 Qg7 21.
g4 Bg6 22. Bxg5 hxg5 23. Qxg5 Bh7 24. Nf6+ Kh8 25. Qh4 Ne7 26. Kg2 Ng6 27. Qg5
Ne7 28. Nxh7 1-0

[Event "Madrid ch Superveteranos 2021-2022"]
[Site "Madrid ESP"]
[Date "2022.04.25"]
[Round "5.6"]
[White "Viñas Lopez, Carlos"]
[Black "Hurtado Garrido, Reyes"]
[Result "0-1"]
[WhiteElo "1850"]
[BlackElo "1606"]
[PlyCount "74"]
[EventDate "2022.04.18"]
[EventType "swiss"]
[EventRounds "7"]
[EventCountry "ESP"]
[SourceTitle "Ajedrez en Madrid"]
[Source "lmi"]
[SourceDate "2022.04.18"]
[SourceVersion "1"]
[SourceVersionDate "2022.04.28"]
[SourceQuality "1"]

1. d4 d5 2. Bf4 Nf6 3. e3 e6 4. Nd2 Bd6 5. Bg3 O-O 6. Bd3 c5 7. c3 Qc7 8. dxc5
Qxc5 9. Ngf3 Nbd7 10. O-O Bxg3 11. hxg3 Qc7 12. Rc1 Ne5 13. Bb1 b5 14. Qe2 Nc4
15. b3 Nd6 16. g4 g6 17. g5 Nfe4 18. Nxe4 dxe4 19. Nd2 Bb7 20. Qg4 Qc5 21. Qf4
Rad8 22. g4 e5 23. Qh2 f5 24. gxf6 Rxf6 25. Qg2 Qc6 26. c4 bxc4 27. Nxc4 Nxc4
28. Rxc4 Qa6 29. Ra4 Qe2 30. Bxe4 Ba6 31. Bd5+ Kg7 32. Bc4 Bxc4 33. Rxc4 Rd2
34. Rc7+ Kg8 35. Rc8+ Kg7 36. Rc7+ Kg8 37. Rxa7 Rd1 0-1

[Event "Madrid ch Superveteranos 2021-2022"]
[Site "Madrid ESP"]
[Date "2022.04.25"]
[Round "5.7"]
[White "Fernandez Garcia, Ignacio"]
[Black "Martinez Rubio, Felipe"]
[Result "0-1"]
[WhiteElo "1796"]
[BlackElo "1632"]
[PlyCount "100"]
[EventDate "2022.04.18"]
[EventType "swiss"]
[EventRounds "7"]
[EventCountry "ESP"]
[SourceTitle "Ajedrez en Madrid"]
[Source "lmi"]
[SourceDate "2022.04.18"]
[SourceVersion "1"]
[SourceVersionDate "2022.04.28"]
[SourceQuality "1"]

1. e4 c5 2. Nc3 e6 3. f4 Nc6 4. Nce2 d5 5. e5 f6 6. Nf3 d4 7. d3 Qc7 8. exf6
Nxf6 9. Ng3 Bd6 10. Ne2 O-O 11. g3 e5 12. fxe5 Nxe5 13. Bg2 Nxf3+ 14. Bxf3 Bg4
15. O-O Bxf3 16. Rxf3 Nd5 17. Nf4 Nxf4 18. gxf4 Bxf4 19. Bxf4 Rxf4 20. Qe2 Rxf3
21. Qxf3 Qf7 22. Qg2 Rf8 23. b3 b6 24. a4 Qf3 25. Re1 Qxg2+ 26. Kxg2 Kf7 27. a5
Re8 28. Rf1+ Kg6 29. axb6 axb6 30. Rg1 h6 31. Kf2+ Kf6 32. Ra1 g5 33. Ra6 Re6
34. Ra1 h5 35. Rb1 Kf5 36. b4 g4 37. bxc5 bxc5 38. Rc1 h4 39. c3 Re3 40. cxd4
cxd4 41. Rd1 Kf4 42. Kg1 Rf3 43. Rd2 Ke3 44. Ra2 Kxd3 45. Kg2 Re3 46. Kf2 Ke4
47. Ra8 Rf3+ 48. Kg2 h3+ 49. Kg1 Rf4 50. Ra4 Ke3 0-1

[Event "Madrid ch Superveteranos 2021-2022"]
[Site "Madrid ESP"]
[Date "2022.04.25"]
[Round "5.8"]
[White "Estrada Martinez, Cesar"]
[Black "Garcia Esteban, Ignacio"]
[Result "1-0"]
[WhiteElo "1970"]
[BlackElo "1730"]
[PlyCount "79"]
[EventDate "2022.04.18"]
[EventType "swiss"]
[EventRounds "7"]
[EventCountry "ESP"]
[SourceTitle "Ajedrez en Madrid"]
[Source "lmi"]
[SourceDate "2022.04.18"]
[SourceVersion "1"]
[SourceVersionDate "2022.04.28"]
[SourceQuality "1"]

1. d4 Nf6 2. c4 c5 3. Nf3 g6 4. Nc3 cxd4 5. Nxd4 Nc6 6. e4 d6 7. Be2 Bg7 8. Be3
O-O 9. O-O Bd7 10. Qd2 Re8 11. f3 Qc8 12. Rac1 Qd8 13. Rfd1 a6 14. Nd5 Nxd4 15.
Bxd4 Nxd5 16. Bxg7 Kxg7 17. Qxd5 Qb6+ 18. Qd4+ Qxd4+ 19. Rxd4 Rac8 20. e5 Bc6
21. exd6 exd6 22. Kf2 Rcd8 23. Rcd1 Re6 24. b4 b5 25. R1d2 f5 26. cxb5 axb5 27.
Rc2 d5 28. a4 bxa4 29. b5 Be8 30. Rxa4 d4 31. Rd2 Red6 32. Ra3 Kf6 33. Rb3 Rb6
34. Rb4 Ke5 35. g3 f4 36. gxf4+ Kxf4 37. Rdxd4+ Rxd4 38. Rxd4+ Kg5 39. Bd3 Rf6
40. Rd8 1-0

[Event "Madrid ch Superveteranos 2021-2022"]
[Site "Madrid ESP"]
[Date "2022.04.25"]
[Round "5.9"]
[White "De Los Rios Camacho, Juan Antonio"]
[Black "Ciuro Muñoz, Ricardo"]
[Result "0-1"]
[WhiteElo "1597"]
[BlackElo "1895"]
[PlyCount "92"]
[EventDate "2022.04.18"]
[EventType "swiss"]
[EventRounds "7"]
[EventCountry "ESP"]
[SourceTitle "Ajedrez en Madrid"]
[Source "lmi"]
[SourceDate "2022.04.18"]
[SourceVersion "1"]
[SourceVersionDate "2022.04.28"]
[SourceQuality "1"]

1. e4 e6 2. d3 d5 3. Nd2 c5 4. c3 Nc6 5. Ngf3 Bd6 6. Be2 Nf6 7. Qc2 O-O 8. h3
b5 9. Nf1 Qb6 10. g4 Bb7 11. Ng3 Bxg3 12. fxg3 dxe4 13. dxe4 Qc7 14. Bf4 e5 15.
Be3 c4 16. Nh4 Nd4 17. Qd1 Nxe2 18. Qxe2 Nxe4 19. Rg1 Rad8 20. Nf5 Nc5 21. Bxc5
Qxc5 22. Qe3 Qxe3+ 23. Nxe3 Rd3 24. Ke2 Rfd8 25. Rad1 g6 26. g5 Kg7 27. Rgf1
R8d6 28. g4 Be4 29. h4 Rxd1 30. Rxd1 Bd3+ 31. Kf2 h6 32. gxh6+ Kxh6 33. Kg3 Ra6
34. a3 f5 35. g5+ Kh5 36. Nd5 f4+ 37. Kf3 Kxh4 38. Rg1 Bf5 39. Nf6 Rd6 40. Nh7
Rd3+ 41. Kf2 e4 42. Nf8 Rd2+ 43. Ke1 Rxb2 44. Rh1+ Kxg5 45. Nh7+ Kg4 46. Rg1+
Kf3 0-1

[Event "Madrid ch Superveteranos 2021-2022"]
[Site "Madrid ESP"]
[Date "2022.04.25"]
[Round "5.10"]
[White "Jimenez Jimenez, Jose Luis"]
[Black "Calderon Martin, Antonio"]
[Result "0-1"]
[WhiteElo "1780"]
[BlackElo "1598"]
[PlyCount "78"]
[EventDate "2022.04.18"]
[EventType "swiss"]
[EventRounds "7"]
[EventCountry "ESP"]
[SourceTitle "Ajedrez en Madrid"]
[Source "lmi"]
[SourceDate "2022.04.18"]
[SourceVersion "1"]
[SourceVersionDate "2022.04.28"]
[SourceQuality "1"]

1. e4 e5 2. Nf3 Nc6 3. d4 exd4 4. Nxd4 Bb4+ 5. c3 Bc5 6. Be3 Bb6 7. Bc4 d6 8.
b4 Nf6 9. Nd2 O-O 10. O-O Ng4 11. Nxc6 Nxe3 12. Nxd8 Nxd1 13. Nxf7 Nxf2 14.
Nxd6+ Kh8 15. Nxc8 Raxc8 16. Nf3 Nxe4+ 17. Kh1 Nxc3 18. Ne5 Rxf1+ 19. Rxf1 g6
20. Rf7 Re8 21. Nf3 Nd1 22. g3 Ne3 23. Bb3 Nf5 24. Ng5 Re7 25. Rf8+ Kg7 26. Rb8
Nd4 27. Bc4 h6 28. Nh3 g5 29. Kg2 Nc2 30. Bb3 Nxb4 31. Rg8+ Kh7 32. Kf3 c6 33.
Kg4 Nd5 34. Rf8 Kg7 35. Rf3 Nf6+ 36. Kf5 g4 37. Nf4 gxf3 38. Ne6+ Rxe6 39. Bxe6
Nd5 0-1

[Event "Madrid ch Superveteranos 2021-2022"]
[Site "Madrid ESP"]
[Date "2022.04.25"]
[Round "5.11"]
[White "Cabrera Jimenez, Julio"]
[Black "Martinez Miura, Enrique"]
[Result "0-1"]
[WhiteElo "1757"]
[BlackElo "1582"]
[PlyCount "96"]
[EventDate "2022.04.18"]
[EventType "swiss"]
[EventRounds "7"]
[EventCountry "ESP"]
[SourceTitle "Ajedrez en Madrid"]
[Source "lmi"]
[SourceDate "2022.04.18"]
[SourceVersion "1"]
[SourceVersionDate "2022.04.28"]
[SourceQuality "1"]

1. e4 e6 2. d4 d5 3. Nd2 dxe4 4. Nxe4 Nd7 5. Nf3 Be7 6. Bd3 Ngf6 7. Bg5 Nxe4 8.
Bxe7 Qxe7 9. Bxe4 Nf6 10. Bd3 Qb4+ 11. Qd2 Qxd2+ 12. Nxd2 b6 13. Ne4 Nxe4 14.
Bxe4 Rb8 15. Bc6+ Bd7 16. Bxd7+ Kxd7 17. O-O-O c6 18. f4 g6 19. g4 h5 20. f5
hxg4 21. fxe6+ fxe6 22. Rhg1 Rxh2 23. Rxg4 Rf8 24. Rxg6 Rff2 25. Rg7+ Kd6 26.
Rxa7 Rxc2+ 27. Kb1 Rxb2+ 28. Ka1 Rbd2 29. Rxd2 Rxd2 30. Ra4 b5 31. Ra8 Rxd4 32.
Rd8+ Kc5 33. Re8 Re4 34. Kb2 Re3 35. Rh8 Re2+ 36. Kb3 e5 37. Rh5 Re3+ 38. Kb2
b4 39. Rh4 e4 40. Rh6 Re2+ 41. Kb3 Rd2 42. Rh5+ Rd5 43. Rh4 Re5 44. a3 bxa3 45.
Kxa3 e3 46. Rh1 e2 47. Re1 Kc4 48. Kb2 Kd3 0-1

[Event "Madrid ch Superveteranos 2021-2022"]
[Site "Madrid ESP"]
[Date "2022.04.25"]
[Round "5.12"]
[White "Ureña Castellano, Antonio"]
[Black "Hortelano Hap, Ramon"]
[Result "0-1"]
[WhiteElo "1549"]
[BlackElo "1650"]
[PlyCount "60"]
[EventDate "2022.04.18"]
[EventType "swiss"]
[EventRounds "7"]
[EventCountry "ESP"]
[SourceTitle "Ajedrez en Madrid"]
[Source "lmi"]
[SourceDate "2022.04.18"]
[SourceVersion "1"]
[SourceVersionDate "2022.04.28"]
[SourceQuality "1"]

1. d4 Nf6 2. c4 e6 3. Nc3 d5 4. e3 c5 5. Nf3 Nc6 6. Bd3 cxd4 7. exd4 Be7 8. O-O
O-O 9. a3 h6 10. Re1 a6 11. cxd5 Nxd5 12. Qc2 Nf6 13. Be3 b6 14. Ne4 Bb7 15.
Rac1 Rc8 16. Qe2 b5 17. h3 Na5 18. Rxc8 Qxc8 19. Rc1 Qd7 20. b4 Nxe4 21. Ne5
Qd5 22. Qg4 f5 23. Bxe4 fxg4 24. Bxd5 Bxd5 25. bxa5 gxh3 26. gxh3 Bxa3 27. Rc7
Bb4 28. Nd7 Rf3 29. Nb6 Be4 30. Kh2 Bd6+ 0-1

[Event "Madrid ch Superveteranos 2021-2022"]
[Site "Madrid ESP"]
[Date "2022.04.25"]
[Round "5.14"]
[White "Ramos Antona, Enrique"]
[Black "Conchillo Roman, Jose Ignacio"]
[Result "1/2-1/2"]
[WhiteElo "1540"]
[BlackElo "1490"]
[PlyCount "63"]
[EventDate "2022.04.18"]
[EventType "swiss"]
[EventRounds "7"]
[EventCountry "ESP"]
[SourceTitle "Ajedrez en Madrid"]
[Source "lmi"]
[SourceDate "2022.04.18"]
[SourceVersion "1"]
[SourceVersionDate "2022.04.28"]
[SourceQuality "1"]

1. d4 d6 2. c4 g6 3. g3 Bg7 4. Bg2 Nf6 5. Nc3 O-O 6. Nf3 Nbd7 7. O-O Rb8 8. a4
b6 9. Qc2 Bb7 10. Rd1 a5 11. Rb1 Re8 12. e4 Nf8 13. h3 Qc8 14. Kh2 N6d7 15. Bf4
e5 16. dxe5 Nxe5 17. Nxe5 dxe5 18. Be3 Rd8 19. Nd5 Bxd5 20. cxd5 Nd7 21. b4
axb4 22. Rxb4 Bf8 23. Rb5 Ra8 24. Bf1 Bd6 25. Rc1 Ra6 26. Rbb1 Ra7 27. Bb5 Nc5
28. Bg5 f6 29. Be3 f5 30. exf5 Qxf5 31. Qxf5 gxf5 32. f4 1/2-1/2

[Event "Madrid ch Superveteranos 2021-2022"]
[Site "Madrid ESP"]
[Date "2022.04.25"]
[Round "5.17"]
[White "Castro Uceda, Jose Antonio"]
[Black "Garcia Marin, Blas"]
[Result "0-1"]
[WhiteElo "1446"]
[BlackElo "1347"]
[PlyCount "110"]
[EventDate "2022.04.18"]
[EventType "swiss"]
[EventRounds "7"]
[EventCountry "ESP"]
[SourceTitle "Ajedrez en Madrid"]
[Source "lmi"]
[SourceDate "2022.04.18"]
[SourceVersion "1"]
[SourceVersionDate "2022.04.28"]
[SourceQuality "1"]

1. e4 e6 2. Qe2 Nc6 3. Nf3 d6 4. d4 d5 5. e5 b6 6. a3 Bb7 7. Qe3 h6 8. Nc3 a6
9. Bd3 Qd7 10. Bd2 Nge7 11. Qe2 Nf5 12. Bxf5 exf5 13. h4 Be7 14. Bf4 O-O-O 15.
O-O-O Na5 16. Rhe1 Qe6 17. Qd3 Nc4 18. Nd2 b5 19. Ncb1 g5 20. hxg5 hxg5 21. g4
gxf4 22. gxf5 Qc6 23. f6 Bf8 24. Qf5+ Kb8 25. e6 fxe6 26. Rxe6 Bc8 27. Rxc6
Bxf5 28. f7 Kb7 29. Rf6 Nd6 30. Re1 Rh7 31. Rxf5 Nxf5 32. Re8 Rh1+ 33. Nf1 Rd7
34. Rxf8 Kc6 35. Nbd2 Nd6 36. Ra8 Rxf7 37. Rxa6+ Kb7 38. Ra5 c6 39. c3 Ne4 40.
Kc2 Nxf2 41. a4 Ne4 42. axb5 Nxd2 43. Nxd2 cxb5 44. Rxb5+ Kc6 45. Rc5+ Kd6 46.
Nf3 Re7 47. Ra5 Re2+ 48. Kb3 Rf1 49. Ra6+ Kc7 50. Ne5 f3 51. Rf6 f2 52. Ng4 Rb1
53. Rf7+ Kd6 54. Rxf2 Rbxb2+ 55. Ka3 Rxf2 0-1

[Event "Madrid ch Superveteranos 2021-2022"]
[Site "Madrid ESP"]
[Date "2022.04.25"]
[Round "5.18"]
[White "Lopez Manso, Jeronimo"]
[Black "Salgado Duarte, Pablo"]
[Result "1-0"]
[WhiteElo "1397"]
[BlackElo "1435"]
[PlyCount "71"]
[EventDate "2022.04.18"]
[EventType "swiss"]
[EventRounds "7"]
[EventCountry "ESP"]
[SourceTitle "Ajedrez en Madrid"]
[Source "lmi"]
[SourceDate "2022.04.18"]
[SourceVersion "1"]
[SourceVersionDate "2022.04.28"]
[SourceQuality "1"]

1. d4 d5 2. c4 e6 3. Nc3 Nf6 4. Bg5 Be7 5. Nf3 Nc6 6. e3 a6 7. c5 O-O 8. a3 b6
9. Qa4 Bd7 10. cxb6 cxb6 11. Qc2 b5 12. Bd3 g6 13. O-O Nh5 14. Bh6 Ng7 15. e4
dxe4 16. Bxe4 Rc8 17. Rfd1 Bf6 18. d5 Ne5 19. d6 Nxf3+ 20. Bxf3 Qb6 21. Qd3
Rfe8 22. Be3 Qd8 23. Bb7 Rc4 24. Bxa6 Qa5 25. Bb7 Bxc3 26. bxc3 Rxc3 27. Qd2
Nf5 28. Bg5 e5 29. g4 Nd4 30. Bf6 Nf3+ 31. Bxf3 Re6 32. Be7 b4 33. Qh6 Rc8 34.
Bd5 bxa3 35. Bxe6 Bxe6 36. Bf6 1-0